Miunicipal year book 1989-90 (Record no. 508739)

000 -LEADER
fixed length control field 00469cam a22001337a 4500
008 - FIXED-LENGTH DATA ELEMENTS--GENERAL INFORMATION
fixed length control field 180718b1988 xxu||||| |||| 00| 0 eng d
082 ## - DEWEY DECIMAL CLASSIFICATION NUMBER
Classification number B73064x5444 1989-90
100 ## - MAIN ENTRY--PERSONAL NAME
Personal name Karnataka. Directorate of Economics and Statistics
9 (RLIN) 3568
245 ## - TITLE STATEMENT
Title Miunicipal year book 1989-90
Statement of responsibility, etc by Directorate of Economics and Statistics
260 ## - PUBLICATION, DISTRIBUTION, ETC. (IMPRINT)
Place of publication, distribution, etc Banglaore
Name of publisher, distributor, etc Government of Karnataka
Date of publication, distribution, etc 1990
300 ## - PHYSICAL DESCRIPTION
Extent 108+p.
650 ## - SUBJECT ADDED ENTRY--TOPICAL TERM
Topical term or geographic name as entry element Politics and government -- Periodicals
9 (RLIN) 4001
942 ## - ADDED ENTRY ELEMENTS (KOHA)
Source of classification or shelving scheme
Holdings
Withdrawn status Lost status Source of classification or shelving scheme Damaged status Koha normalized classification for sorting Not for loan Permanent location Current location Date acquired Full call number Barcode Date last seen Price effective from Koha item type
        B_73064X5444_198990   Indian Institute of Public Administration Indian Institute of Public Administration 2019-04-10 B73064x5444 1989-90 GG33139 2019-04-10 2019-04-10 GG

Powered by Koha